[Event "Reykjavik Open 2017"]
[Site "Reykjavik ISL"]
[Date "2017.04.21"]
[Round "4.47"]
[White "Kleinman,Michael"]
[Black "Ingvason,J"]
[Result "1-0"]
[WhiteElo "2289"]
[BlackElo "2121"]

1.e4 c6 2.Nc3 d5 3.Nf3 dxe4 4.Nxe4 Nf6 5.Nxf6+ exf6 6.d4 Bd6 7.Be2 O-O 8.O-O
Qc7 9.c3 Nd7 10.Qc2 Re8 11.Bd3 Nf8 12.h3 Ng6 13.Bd2 Be6 14.Bf5 Qd7 15.Bxe6
fxe6 16.Rfe1 Qf7 17.Qb3 e5 18.dxe5 Bxe5 19.Be3 b6 20.Rad1 Rad8 21.Nxe5 Nxe5
22.Bf4 Nc4 23.Rxd8 Rxd8 24.Qc2 g5 25.Bc1 Re8 26.Rd1 Qe6 27.b3 Nd6 28.c4 Nf5
29.Bb2 c5 30.Qd3 Kg7 31.Bc3 Nh4 32.Qg3 Qf5 33.Rd5 Qb1+ 34.Kh2 h6 35.Qc7+ Kg8
36.Bxf6 Qg6 37.Bc3 Qf7 38.Rd7 Qf4+ 39.Qxf4 gxf4 40.Rg7+ Kf8 41.Rg4 {#r} 1-0

[Event "Reykjavik Open 2017"]
[Site "Reykjavik ISL"]
[Date "2017.04.21"]
[Round "4.48"]
[White "Nebolsina,V"]
[Black "Halldorsson,Br"]
[Result "1-0"]
[WhiteElo "2285"]
[BlackElo "2110"]

1.e4 c6 2.d4 d5 3.e5 Bf5 4.h4 h5 5.Bd3 Bxd3 6.Qxd3 e6 7.Bg5 Ne7 8.Ne2 Qb6
9.Nd2 Nd7 10.O-O Nf5 11.c4 dxc4 12.Nxc4 Qa6 13.Ng3 Nb6 14.b3 Nxg3 15.fxg3 Nxc4
16.bxc4 Be7 17.Bxe7 Kxe7 18.a4 Rad8 19.Rf4 Rd7 20.Raf1 Ke8 21.Rxf7 Rxf7 22.Qg6
Qxc4 23.Qxf7+ Kd8 24.Qxb7 Qxd4+ 25.Kh2 Qd7 26.Qb8+ Qc8 27.Rd1+ Ke7 28.Qxa7+
Kf8 29.Rb1 {#r} 1-0

[Event "Reykjavik Open 2017"]
[Site "Reykjavik ISL"]
[Date "2017.04.21"]
[Round "4.49"]
[White "Yu,Jonathan"]
[Black "Le Goff,D"]
[Result "0-1"]
[WhiteElo "2073"]
[BlackElo "2278"]

1.e4 c5 2.Nf3 Nc6 3.Bb5 g6 4.Bxc6 bxc6 5.O-O Bg7 6.d3 Nh6 7.Nbd2 O-O 8.Re1 e5
9.Nc4 d6 10.b4 cxb4 11.a3 bxa3 12.Bxa3 c5 13.d4 Ba6 14.Nxd6 Qxd6 15.Bxc5 Qe6
16.d5 Qc8 17.Bxf8 Kxf8 18.Qc1 Kg8 19.Ra5 Bc4 20.Qa3 Ng4 21.Qc3 a6 22.Nd2 Bb5
23.Qxc8+ Rxc8 24.c4 Bh6 25.Rd1 Bxd2 26.Rxd2 Rxc4 27.f3 {#R} 0-1

[Event "Reykjavik Open 2017"]
[Site "Reykjavik ISL"]
[Date "2017.04.21"]
[Round "4.50"]
[White "Birkisson,Bjorn Holm"]
[Black "Maisuradze,N"]
[Result "1-0"]
[WhiteElo "2057"]
[BlackElo "2273"]

1.d4 Nf6 2.c4 c5 3.d5 e6 4.Nc3 exd5 5.cxd5 d6 6.e4 g6 7.Be2 Bg7 8.Nf3 a6 9.a4
Bg4 10.O-O O-O 11.h3 Bxf3 12.Bxf3 Nbd7 13.Be3 Ne8 14.Be2 Nc7 15.f4 Rb8 16.Kh1
b5 17.axb5 axb5 18.e5 dxe5 19.d6 Ne6 20.Nd5 Kh8 21.f5 gxf5 22.Ne7 f4 23.Nc6
Qg5 24.Nxb8 Rxb8 25.Bc1 e4 26.Ra7 Nb6 27.Rxf7 Rg8 28.Bxf4 Nxf4 29.R1xf4 Qe5
30.d7 Qe6 31.d8=Q {#r} 1-0

[Event "Reykjavik Open 2017"]
[Site "Reykjavik ISL"]
[Date "2017.04.21"]
[Round "4.54"]
[White "Ulfsson,Olafur Evert"]
[Black "Gorti,Akshita"]
[Result "0-1"]
[WhiteElo "1802"]
[BlackElo "2261"]

1.d4 e6 2.Bf4 Nf6 3.e3 c5 4.c3 d5 5.Nd2 Bd6 6.Ngf3 Nc6 7.Bd3 Bxf4 8.exf4 cxd4
9.cxd4 Qb6 10.Nb3 a5 11.Qc1 a4 12.Nc5 Ra5 13.Ne5 Qb4+ 14.Kf1 Qxd4 15.b4 Rxc5
16.Qxc5 Qxa1+ 17.Ke2 Qb2+ 18.Kf1 Qxb4 19.Qe3 O-O 20.g4 Ne4 21.Nf3 Qc3 22.Ng5
Qd4 23.Qe2 Nxg5 24.fxg5 e5 25.f3 Qf4 26.Kg2 Nd4 27.Qd1 e4 28.fxe4 Bxg4 {#R}
0-1

[Event "Reykjavik Open 2017"]
[Site "Reykjavik ISL"]
[Date "2017.04.21"]
[Round "4.55"]
[White "Vaishali,R"]
[Black "Saren,Bjorn"]
[Result "1-0"]
[WhiteElo "2259"]
[BlackElo "2067"]

1.e4 c5 2.Nf3 d6 3.d4 cxd4 4.Nxd4 Nf6 5.Nc3 a6 6.Bc4 e6 7.Bb3 Be7 8.g4 Nc6
9.g5 Nxd4 10.Qxd4 Nh5 11.h4 O-O 12.Be3 Bd7 13.O-O-O Bc6 14.Rhg1 g6 15.f4 Qc8
16.f5 exf5 17.exf5 Qxf5 18.Rdf1 Qe5 19.Qd3 Rae8 20.Bd4 Qh2 21.Rg4 Bd8 22.Kb1
Bg2 23.Rxg2 Qxg2 24.Bd5 Qg3 25.Qd1 Qxh4 26.Rh1 Qxg5 27.Rg1 Qf5 28.Rf1 Nf4
29.Bxb7 Bg5 30.Nd5 Re6 31.Bc3 Rb8 32.Bc6 h5 33.Qd4 f6 34.Nxf4 Bxf4 35.Rxf4
Rxb2+ 36.Kxb2 {#r} 1-0

[Event "Reykjavik Open 2017"]
[Site "Reykjavik ISL"]
[Date "2017.04.21"]
[Round "4.56"]
[White "Magnusson,Thorsteinn"]
[Black "Einarsson,H"]
[Result "0-1"]
[WhiteElo "1489"]
[BlackElo "2257"]

1.d4 Nf6 2.Bf4 g6 3.e3 Bg7 4.Nd2 c5 5.c3 cxd4 6.cxd4 O-O 7.h3 d6 8.Bd3 e5
9.Bg5 exd4 10.exd4 Qa5 11.Nf3 Re8+ 12.Be2 Qb5 13.Bf4 Nd5 14.Bxd6 Qxb2 15.Nb3
Nc3 16.Qd2 Rxe2+ 17.Qxe2 Qxe2# 0-1

[Event "Reykjavik Open 2017"]
[Site "Reykjavik ISL"]
[Date "2017.04.21"]
[Round "4.57"]
[White "Risting,Eivind Olav"]
[Black "Pedersen,Soren Sandmann"]
[Result "1-0"]
[WhiteElo "2250"]
[BlackElo "1794"]

1.d4 d5 2.c4 c6 3.cxd5 cxd5 4.Nc3 Nf6 5.f3 Qb6 6.e4 dxe4 7.fxe4 e5 8.Bb5+ Bd7
9.dxe5 Bxb5 10.exf6 Bb4 11.fxg7 Bxc3+ 12.bxc3 Rg8 13.Rb1 Qc5 14.Qf3 Nd7 15.Qe3
Qc4 16.Nf3 O-O-O 17.Rb4 Qd3 18.Nd4 Qxe3+ 19.Bxe3 Bd3 20.Nf5 {#r} 1-0

[Event "Reykjavik Open 2017"]
[Site "Reykjavik ISL"]
[Date "2017.04.21"]
[Round "4.58"]
[White "Nielsen,Jon I Horni"]
[Black "Kiese,M"]
[Result "0-1"]
[WhiteElo "1454"]
[BlackElo "2247"]

1.e4 c5 2.Nf3 d6 3.d4 cxd4 4.Nxd4 Nf6 5.Nc3 a6 6.Be3 e5 7.Nb3 Be6 8.f3 Be7
9.Qd2 O-O 10.Be2 Nbd7 11.O-O b5 12.Rad1 b4 13.Nd5 Bxd5 14.exd5 Nb6 15.Bxb6
Qxb6+ 16.Kh1 a5 17.a4 bxa3 18.bxa3 a4 19.Na1 Qb2 20.Qb4 Rfb8 21.Qxb2 Rxb2
22.Bd3 Nd7 23.c3 Nc5 24.Bc4 Rab8 25.h3 Bg5 26.g3 Bd2 27.f4 Bxc3 28.fxe5 Bxe5
29.g4 Rb1 30.Rxb1 {#R} 0-1

[Event "Reykjavik Open 2017"]
[Site "Reykjavik ISL"]
[Date "2017.04.21"]
[Round "4.59"]
[White "Thorfinnsson,Bj"]
[Black "Magnusson,M"]
[Result "1-0"]
[WhiteElo "2413"]
[BlackElo "1978"]

1.d4 d6 2.Nf3 Nd7 3.e4 e5 4.Bc4 Be7 5.Nc3 c6 6.Ne2 b5 7.Bb3 c5 8.c3 c4 9.Bc2
Bb7 10.Ng3 g6 11.O-O h5 12.Re1 h4 13.Nf1 g5 14.h3 Nh6 15.N3h2 Nf8 16.Ne3 Ng6
17.Nhg4 Nxg4 18.Qxg4 Bc8 19.Nf5 Nf4 20.a4 Bxf5 21.exf5 f6 22.axb5 Qb6 23.Bxf4
exf4 24.Qe2 Rh7 25.Qxc4 Kf8 26.Bb3 Rg7 27.Rxe7 Kxe7 28.Qe6+ Kd8 29.Qxf6+ Re7
30.Re1 {#r} 1-0

[Event "Reykjavik Open 2017"]
[Site "Reykjavik ISL"]
[Date "2017.04.21"]
[Round "4.60"]
[White "Thorhallsson,G"]
[Black "Karavade,E"]
[Result "0-1"]
[WhiteElo "2070"]
[BlackElo "2405"]

1.e4 c5 2.Nf3 d6 3.d4 cxd4 4.Nxd4 Nf6 5.Nc3 a6 6.Bc4 e6 7.Bb3 b5 8.O-O Be7
9.Qf3 Qb6 10.Be3 Qb7 11.Rfe1 b4 12.Na4 Nbd7 13.Bg5 O-O 14.Rad1 Ne5 15.Qh3 Ng6
16.Qe3 h6 17.Bxf6 Bxf6 18.Nf3 Rd8 19.Nb6 Rb8 20.Nxc8 Qxc8 21.Rd3 Bxb2 22.Red1
Qc7 23.h4 a5 24.h5 Nf8 25.Ba4 Qc4 26.Rxd6 Rxd6 27.Rxd6 Qxa2 28.Bb3 Qa1+ 29.Qe1
Qa3 30.Ra6 Rd8 31.Qf1 Bc3 32.Kh2 Rc8 33.Qb5 Qc1 34.g3 Nh7 35.Qd7 Rf8 36.Rxa5
Qf1 37.Qa7 Nf6 {#R} 0-1

[Event "Reykjavik Open 2017"]
[Site "Reykjavik ISL"]
[Date "2017.04.21"]
[Round "4.66"]
[White "Spence,D"]
[Black "Valtysson,T"]
[Result "1-0"]
[WhiteElo "2168"]
[BlackElo "1955"]

1.e4 c6 2.d4 d5 3.Nd2 dxe4 4.Nxe4 Bf5 5.Ng3 Bg6 6.h4 h6 7.Nf3 Nd7 8.h5 Bh7
9.Bd3 Bxd3 10.Qxd3 Qc7 11.Bd2 e6 12.Ne4 Ngf6 13.g3 Nxe4 14.Qxe4 Bd6 15.O-O-O
O-O-O 16.c4 Nf6 17.Qe2 c5 18.Bc3 cxd4 19.Nxd4 a6 20.Kb1 Qe7 21.a3 Bc5 22.Nb3
Rxd1+ 23.Rxd1 Bd6 24.c5 Bc7 25.c6 Rd8 26.cxb7+ Kxb7 27.Rc1 Rd5 28.Bb4 Qd8
29.Nc5+ Rxc5 30.Bxc5 Qd5 31.Bf8 Nxh5 32.Rc5 Qh1+ 33.Ka2 g6 34.Qd2 Nf6 35.Rxc7+
Kxc7 36.Qf4+ {#r} 1-0

[Event "Reykjavik Open 2017"]
[Site "Reykjavik ISL"]
[Date "2017.04.21"]
[Round "4.68"]
[White "Green,Per"]
[Black "Viglundsson,B"]
[Result "1-0"]
[WhiteElo "1966"]
[BlackElo "2143"]

1.c4 c5 2.Nc3 Nc6 3.g3 g6 4.Bg2 Bg7 5.a3 d6 6.Rb1 e6 7.b4 Nge7 8.bxc5 dxc5
9.Ne4 b6 10.Bb2 Bxb2 11.Rxb2 O-O 12.Nf3 e5 13.d3 f6 14.Qc1 Be6 15.h4 h5 16.Qh6
Qd7 17.O-O Rad8 18.Kh2 Rf7 19.Rbb1 Rdf8 20.Nc3 Rh7 21.Qc1 Kg7 22.Qb2 Rhh8
23.Rbd1 Rd8 24.Ne1 Nd4 25.Nc2 Nxc2 26.Qxc2 Rhe8 27.f4 exf4 28.Rxf4 Bg4 29.Rdf1
Nf5 30.R1f2 g5 31.hxg5 fxg5 32.Re4 Qd6 33.Rxg4 hxg4 34.Rxf5 Rh8+ 35.Kg1 Qxg3
36.Qd2 Qh2+ 37.Kf1 Rhf8 38.Qxg5+ Kh7 39.Qe7+ {#r} 1-0

[Event "Reykjavik Open 2017"]
[Site "Reykjavik ISL"]
[Date "2017.04.21"]
[Round "4.72"]
[White "Larson,G"]
[Black "Gunnarsson,Helgi Petur"]
[Result "1-0"]
[WhiteElo "2104"]
[BlackElo "1669"]

1.e4 d5 2.exd5 Nf6 3.Bb5+ Bd7 4.Bc4 Bg4 5.f3 Bc8 6.Nc3 Nbd7 7.Nge2 Nb6 8.Bb3
Nbxd5 9.Nxd5 Nxd5 10.d4 e6 11.O-O c6 12.c4 Nf6 13.Be3 Bd6 14.Qd2 Qc7 15.Bf4
Bd7 16.Rac1 Nh5 17.Bxd6 Qxd6 18.Qg5 g6 19.Rfd1 Qe7 20.Qe3 Ng7 21.Re1 O-O
22.Rcd1 Nf5 23.Qf2 Rfd8 24.Nc3 Nd6 25.d5 Qf8 26.c5 Nc8 27.d6 b5 28.Ne4 f5
29.Ng5 Qf6 30.Nxe6 Re8 31.Nc7+ {#r} 1-0

[Event "Reykjavik Open 2017"]
[Site "Reykjavik ISL"]
[Date "2017.04.21"]
[Round "4.74"]
[White "Blomqvist,E"]
[Black "Jonsson,Pall G"]
[Result "1-0"]
[WhiteElo "2548"]
[BlackElo "1833"]

1.Nf3 Nf6 2.g3 g6 3.Bg2 Bg7 4.O-O O-O 5.d4 d5 6.c4 c6 7.b3 Nbd7 8.Bb2 Qc7
9.cxd5 cxd5 10.Nc3 a6 11.Rc1 Qa5 12.Qd2 Kh8 13.Rfd1 Re8 14.Ne5 Kg8 15.Nxd5
Qxd2 16.Rxd2 Nxd5 17.Bxd5 Nxe5 18.dxe5 e6 19.Be4 Rb8 20.f4 Bf8 21.Kf2 Bb4
22.Rd4 Ba5 23.e3 Rd8 24.Ba3 Bd7 25.Be7 Rdc8 26.Rxc8+ Bxc8 27.Bd8 Bc3 28.Rd3
Bb4 29.Bc7 Ra8 30.Rd8+ Kg7 31.Bd6 Ba5 32.Re8 f5 33.exf6+ Kxf6 34.Be5+ Kf7
35.Rh8 h5 36.Rh7+ Kf8 37.Bxg6 Bd8 38.Rxh5 b5 39.Rh8+ Ke7 40.Rh7+ {#r} 1-0

[Event "Reykjavik Open 2017"]
[Site "Reykjavik ISL"]
[Date "2017.04.21"]
[Round "4.75"]
[White "Bjornsson,Si"]
[Black "Mai,Alexander Oliver"]
[Result "1-0"]
[WhiteElo "2279"]
[BlackElo "1813"]

1.c4 Nf6 2.g3 g6 3.Bg2 Bg7 4.Nc3 O-O 5.Nf3 d6 6.O-O e5 7.d3 Nc6 8.Rb1 a5 9.a3
Re8 10.Bg5 h6 11.Bxf6 Qxf6 12.b4 axb4 13.axb4 Qd8 14.b5 Nd4 15.Nd2 Ra3 16.Nb3
c6 17.e3 Nxb3 18.Rxb3 Rxb3 19.Qxb3 Qc7 20.Qa4 Bd7 21.Rb1 Rc8 22.Qa7 Be6 23.h3
Qd7 24.Na4 Rc7 25.Kh2 Qe7 26.Nb6 Kh7 27.Qa8 Qf8 28.bxc6 bxc6 29.Bxc6 Qe7
30.Nd5 Bxd5 31.Bxd5 Ra7 32.Qc8 Qf6 33.Kg2 Ra2 34.Bf3 Qe6 35.Qxe6 fxe6 36.Bg4
Ra3 37.Rd1 d5 38.Bxe6 e4 39.dxe4 dxe4 40.Rd7 Rc3 41.Bd5 h5 42.Rc7 Kh6 43.Bxe4
{#r} 1-0

[Event "Reykjavik Open 2017"]
[Site "Reykjavik ISL"]
[Date "2017.04.21"]
[Round "4.76"]
[White "Berg,Margar M."]
[Black "Yakimenko,Alex"]
[Result "0-1"]
[WhiteElo "1813"]
[BlackElo "2145"]

1.d4 e6 2.c4 Nf6 3.Nc3 c5 4.d5 exd5 5.cxd5 d6 6.e4 g6 7.Bd2 Bg7 8.Bd3 O-O
9.Nge2 a6 10.O-O b5 11.Qc1 Re8 12.Ng3 Nbd7 13.f4 Ng4 14.Be1 Bd4+ 15.Kh1 Nxh2
16.Qd1 Nb6 17.Nce2 Ng4 18.Nf5 Bxb2 19.Bh4 Bf6 20.Neg3 Bxf5 21.Bxf6 Qxf6
22.Nxf5 gxf5 23.Rf3 Qh4+ 24.Rh3 Qxh3+ {#R} 0-1

[Event "Reykjavik Open 2017"]
[Site "Reykjavik ISL"]
[Date "2017.04.21"]
[Round "4.77"]
[White "Puglia,Francesco"]
[Black "Wecker,Martin"]
[Result "1-0"]
[WhiteElo "1809"]
[BlackElo "2134"]

1.Nc3 c5 2.e4 a6 3.f4 b5 4.Nf3 Bb7 5.d3 e6 6.g3 d5 7.Bg2 b4 8.Na4 Bc6 9.exd5
Bxa4 10.dxe6 Ra7 11.exf7+ Rxf7 12.Ne5 Re7 13.b3 Bc6 14.Bxc6+ Nxc6 15.Bb2 Nxe5
16.fxe5 Qd5 17.O-O Re6 18.Rf3 Nh6 19.Qf1 Be7 20.Qg2 Qc6 21.a3 Rf8 22.Rxf8+
Kxf8 23.axb4 Qxg2+ 24.Kxg2 cxb4 25.Re1 Rc6 26.Re2 Kf7 27.Kf3 Ke6 28.Ke4 Nf7
29.h4 Rc8 30.d4 Rd8 31.c3 bxc3 32.Bxc3 Nh6 33.Ra2 Ra8 34.d5+ Kf7 35.d6 Bd8
36.Kd5 Ke8 37.Ke6 Ra7 38.Bd4 Rb7 39.Rxa6 Nf7 40.Bb6 {#r} 1-0

[Event "Reykjavik Open 2017"]
[Site "Reykjavik ISL"]
[Date "2017.04.21"]
[Round "4.78"]
[White "Daly,Patrick"]
[Black "Dietzsch,H"]
[Result "0-1"]
[WhiteElo "1804"]
[BlackElo "2106"]

1.d4 d5 2.Nf3 c6 3.c3 Bf5 4.Qb3 Qb6 5.Qxb6 axb6 6.Nbd2 b5 7.Nb3 e6 8.Ne5 Nf6
9.Nd3 Nbd7 10.Bf4 Nh5 11.Bc7 Rc8 12.Bg3 Nxg3 13.hxg3 Bxd3 14.exd3 Ra8 15.a3
Bd6 16.Be2 O-O 17.O-O Ra4 18.Bd1 Ra7 19.Be2 Rfa8 20.Rac1 g6 21.Rfe1 Kg7 22.c4
bxc4 23.dxc4 dxc4 24.Bxc4 Rd8 25.Re2 Nb6 26.Nc5 Kg8 27.Nb3 Be7 28.Rd2 Bf6
29.Be2 Bg5 30.f4 Bf6 31.Rcd1 Ra4 32.Nc5 Raxd4 33.Nd3 Nc4 34.Kf2 Nxd2 35.Rxd2
c5 36.Rc2 Rxd3 37.Bxd3 Rxd3 38.g4 Rb3 {#R} 0-1

[Event "Reykjavik Open 2017"]
[Site "Reykjavik ISL"]
[Date "2017.04.21"]
[Round "4.79"]
[White "Axelsson,T"]
[Black "Fehr,A"]
[Result "0-1"]
[WhiteElo "1799"]
[BlackElo "2102"]

1.e4 c5 2.Nf3 d6 3.d4 cxd4 4.Nxd4 Nf6 5.Nc3 a6 6.Bc4 e6 7.Be3 b5 8.Bb3 Bb7
9.f3 Nbd7 10.O-O Nc5 11.Qe1 Be7 12.Rd1 Qc7 13.Qg3 O-O 14.Bh6 Ne8 15.Be3 Kh8
16.Rd2 b4 17.Nce2 Nf6 18.Qh3 d5 19.exd5 Nxd5 20.Bxd5 Bxd5 21.Nf5 Bf6 22.b3
Rac8 23.Rfd1 Bxf3 24.Qxf3 exf5 25.Qxf5 Ne6 26.Nf4 Qc3 27.Nd5 Qe5 28.Qf2 Bd8
29.Nxb4 Bc7 30.g3 f5 31.Nd3 Qe4 32.c4 f4 33.Nxf4 Ng5 34.Kf1 Nf3 35.Rd7 g5
36.Bd4+ Nxd4 37.R1xd4 Qh1+ 38.Ke2 gxf4 39.g4 f3+ 40.Ke3 Qxh2 41.b4 Bf4+ {#R}
0-1

[Event "Reykjavik Open 2017"]
[Site "Reykjavik ISL"]
[Date "2017.04.21"]
[Round "4.81"]
[White "Savage,A"]
[Black "Muhr,Andreas"]
[Result "1-0"]
[WhiteElo "2067"]
[BlackElo "1801"]

1.e4 d5 2.exd5 Qxd5 3.Nf3 Nf6 4.d4 Bg4 5.Be2 e6 6.h3 Bxf3 7.Bxf3 Qa5+ 8.c3 c6
9.O-O Bd6 10.Nd2 Nbd7 11.Nc4 Qc7 12.Re1 Nb6 13.Nxd6+ Qxd6 14.Bg5 Nfd5 15.Qc1
h6 16.Bh4 g5 17.Bg3 Qd7 18.c4 Ne7 19.Be5 Rg8 20.a4 Rd8 21.a5 Na8 22.Qc3 Nc7
23.Rad1 Qc8 24.Bh5 Ng6 25.Bf6 Rd6 26.d5 Nf4 27.dxe6 Rxe6 28.Bg4 Rxe1+ 29.Qxe1+
Nfe6 30.Rd8+ Qxd8 31.Bxd8 Kxd8 32.Qb4 Kc8 33.Qe7 Rg7 34.Qf8+ Kd7 35.Qxg7 {#r}
1-0

[Event "Reykjavik Open 2017"]
[Site "Reykjavik ISL"]
[Date "2017.04.21"]
[Round "4.83"]
[White "Arnalds,S"]
[Black "De Winter,E"]
[Result "1-0"]
[WhiteElo "2035"]
[BlackElo "1786"]

1.d4 Nf6 2.c4 e6 3.Nc3 c5 4.d5 d6 5.e4 exd5 6.cxd5 Be7 7.Bd3 Na6 8.Nge2 Nc7
9.O-O a6 10.Ng3 b5 11.Kh1 h5 12.h3 h4 13.Nge2 Bd7 14.Bf4 Nh5 15.Bh2 Qc8 16.Ng1
b4 17.Na4 Rb8 18.Nxc5 dxc5 19.d6 Ng3+ 20.fxg3 Bxd6 21.Bc4 Bxg3 22.Bxf7+ Kd8
23.e5 Bxh2 24.Kxh2 Rb6 25.Qd2 Ne6 26.Bxe6 Rxe6 27.Rf7 Qc6 28.Qg5+ Kc8 29.Rd1
Rg6 30.Qd2 Rd8 31.Nf3 Qe6 32.Rf4 Rg3 33.Rxh4 Qg6 34.Qf2 Rxf3 35.Qxf3 Bc6
36.Rxd8+ Kxd8 37.Rh8+ Kc7 38.Qg3 {#r} 1-0

[Event "Reykjavik Open 2017"]
[Site "Reykjavik ISL"]
[Date "2017.04.21"]
[Round "4.84"]
[White "Doknjas,Neil"]
[Black "Scheele,Marcus"]
[Result "1-0"]
[WhiteElo "1784"]
[BlackElo "2030"]

1.e4 c6 2.d4 d5 3.exd5 cxd5 4.Bf4 Nf6 5.c3 Nc6 6.Bd3 Qb6 7.Qb3 Qxb3 8.axb3 Nh5
9.Be3 e5 10.Be2 exd4 11.cxd4 Nf6 12.Nf3 Bb4+ 13.Nc3 Ne4 14.Rc1 O-O 15.O-O Nf6
16.Ne5 Na5 17.Na2 Nxb3 18.Rxc8 Rfxc8 19.Nxb4 a5 20.Nbd3 Ne4 21.Bg4 Rc7 22.Re1
Rd8 23.Bf4 Re7 24.Be3 f6 25.Nf3 g5 26.Nc1 Na1 27.Re2 a4 28.g3 Kg7 29.h4 h6
30.Bf5 Rc7 31.Nd3 Nd6 32.Bh3 Nc4 33.Nc5 Rxc5 34.dxc5 Nb3 35.Nd4 Nxe3 36.Ne6+
{#r} 1-0

[Event "Reykjavik Open 2017"]
[Site "Reykjavik ISL"]
[Date "2017.04.21"]
[Round "4.86"]
[White "Sidali,Elias Hulleberg"]
[Black "Steincamp,Isaac K"]
[Result "0-1"]
[WhiteElo "1724"]
[BlackElo "2009"]

1.c4 e6 2.d4 d5 3.Nc3 Be7 4.cxd5 exd5 5.Bf4 c6 6.Nf3 Bd6 7.Bxd6 Qxd6 8.e3 Ne7
9.h3 O-O 10.Bd3 Bf5 11.O-O Nd7 12.Ne2 Rfe8 13.Nf4 Be4 14.Nd2 Bxd3 15.Nxd3 Ng6
16.Nf3 Nf6 17.Nde5 Ne4 18.Nxg6 Qxg6 19.Ne5 Qe6 20.Qe2 f6 21.Nd3 g5 22.Rfc1 Qf7
23.a4 a5 24.Nc5 Nd6 25.Qg4 Re7 26.h4 h5 27.Qg3 Nf5 28.Qh3 Nxh4 29.g3 Nf3+
30.Kg2 g4 31.Qh1 Kg7 32.Nd3 Rh8 33.Ne1 Ng5 {#R} 0-1

[Event "Reykjavik Open 2017"]
[Site "Reykjavik ISL"]
[Date "2017.04.21"]
[Round "4.87"]
[White "Runarsson,G"]
[Black "Halldorsson,Hj"]
[Result "1-0"]
[WhiteElo "2006"]
[BlackElo "1776"]

1.d4 Nf6 2.Nf3 e6 3.g3 b6 4.Bg2 Bb7 5.O-O Be7 6.c4 O-O 7.Nc3 d5 8.Ne5 Qc8
9.cxd5 Nxd5 10.Nxd5 exd5 11.Bf4 Qd8 12.Rc1 Bd6 13.Qb3 c6 14.e4 Bxe5 15.Bxe5
Na6 16.Rfe1 Re8 17.Re3 Kh8 18.exd5 cxd5 19.Rce1 Kg8 20.Bf1 Re6 21.Qa4 Nb8
22.Bh3 Bc6 23.Qc2 Re8 24.Bxb8 {#r} 1-0

[Event "Reykjavik Open 2017"]
[Site "Reykjavik ISL"]
[Date "2017.04.21"]
[Round "4.88"]
[White "Johannesson,Haki"]
[Black "Prieto,Alberto"]
[Result "0-1"]
[WhiteElo "1705"]
[BlackElo "1999"]

1.e4 c5 2.Nf3 a6 3.d4 cxd4 4.Nxd4 Nf6 5.Bd3 e5 6.Nb3 b5 7.Be3 Bb7 8.f3 d5
9.exd5 Nxd5 10.Bf2 Nf4 11.O-O Nxd3 12.Qxd3 Qxd3 13.cxd3 Nc6 14.d4 O-O-O
15.dxe5 Nxe5 16.Bd4 Nc4 17.a4 Rxd4 18.Nxd4 Bc5 19.Rd1 Rd8 20.axb5 axb5 21.b3
Rxd4 {#R} 0-1

[Event "Reykjavik Open 2017"]
[Site "Reykjavik ISL"]
[Date "2017.04.21"]
[Round "4.89"]
[White "Fjallheim,Elmar Reinert"]
[Black "Sigurjonsson,Si"]
[Result "0-1"]
[WhiteElo "1691"]
[BlackElo "1997"]

1.e4 d6 2.d4 Nf6 3.Nc3 e5 4.Nf3 Nbd7 5.Bc4 Be7 6.O-O O-O 7.a4 c6 8.dxe5 dxe5
9.Be3 Qc7 10.Bg5 h6 11.Bh4 a5 12.Bd3 Re8 13.h3 Nf8 14.Bg3 Ng6 15.Ne2 Nh5
16.Bh2 Bc5 17.Nfd4 Qd8 18.Nf5 Qg5 19.Neg3 Nhf4 20.Qg4 Nxd3 21.Qxg5 hxg5
22.cxd3 Nf4 23.Rfd1 Rd8 24.Nf1 Be6 25.Bxf4 gxf4 26.Rac1 Bb3 27.Rxc5 Bxd1
28.Rxe5 Rxd3 29.g3 g6 30.Nh6+ Kg7 31.Ng4 fxg3 32.Nxg3 Bxg4 33.hxg4 Rb3 34.Rc5
Rxb2 35.g5 Rb4 36.f4 Rxa4 37.f5 gxf5 38.Rxf5 Kg6 39.e5 Re8 {#R} 0-1

[Event "Reykjavik Open 2017"]
[Site "Reykjavik ISL"]
[Date "2017.04.21"]
[Round "4.90"]
[White "Byrne,Alex"]
[Black "Skaale,Janus"]
[Result "1-0"]
[WhiteElo "1976"]
[BlackElo "1765"]

1.e4 e5 2.f4 exf4 3.Bc4 Qh4+ 4.Kf1 Nf6 5.Nf3 Qh5 6.Nc3 d6 7.d4 Bg4 8.Bxf4 Nbd7
9.Qd3 Be7 10.Nb5 O-O 11.Nxc7 Rac8 12.Nd5 Nxd5 13.Bxd5 Bxf3 14.gxf3 Qh3+ 15.Kf2
g5 16.Rag1 h6 17.Bb3 Kh8 18.Bd2 Nf6 19.Bc3 Nh5 20.d5+ f6 21.Bd2 Bd8 22.Be3 Bb6
23.Bxb6 axb6 24.Rg4 Nf4 25.Qf1 Qh5 26.h4 Qg6 27.Qg1 Qg7 28.Qh2 f5 29.exf5 Qd4+
30.Kg3 Nh5+ 31.Kh3 Qe3 32.hxg5 Qxf3+ 33.Kh4 Rxf5 34.Qh3 hxg5+ 35.Kxh5 Qe2
36.Kg6+ Kg8 37.Qh8# 1-0

[Event "Reykjavik Open 2017"]
[Site "Reykjavik ISL"]
[Date "2017.04.21"]
[Round "4.91"]
[White "Thorsson,Pall"]
[Black "Moller,Mikael"]
[Result "1-0"]
[WhiteElo "1688"]
[BlackElo "1965"]

1.e4 c5 2.Nc3 d6 3.d3 Nc6 4.g3 g6 5.Bg2 Bg7 6.Nge2 Bd7 7.O-O Nf6 8.h3 a6 9.g4
b5 10.Ng3 Rb8 11.f4 O-O 12.f5 Ne5 13.g5 Ne8 14.h4 Bc6 15.h5 Nc7 16.Bf4 d5
17.Qd2 b4 18.Nxd5 Bxd5 19.exd5 Nd7 20.hxg6 hxg6 21.fxg6 fxg6 22.Be4 Bd4+
23.Kg2 Kg7 24.Nh5+ {#r} 1-0

[Event "Reykjavik Open 2017"]
[Site "Reykjavik ISL"]
[Date "2017.04.21"]
[Round "4.92"]
[White "Mai,Aron Thor"]
[Black "Ontiveros,John"]
[Result "1-0"]
[WhiteElo "1956"]
[BlackElo "1741"]

1.e4 c5 2.Nf3 d6 3.d4 cxd4 4.Nxd4 Nf6 5.Nc3 g6 6.Be3 a6 7.f3 Bg7 8.Qd2 O-O
9.g4 Nc6 10.h4 Nxd4 11.Bxd4 e5 12.Be3 d5 13.exd5 b5 14.O-O-O Qa5 15.Kb1 b4
16.Ne4 Nxe4 17.fxe4 Bxg4 18.Be2 Bxe2 19.Qxe2 f5 20.exf5 Rxf5 21.h5 Rxh5
22.Rxh5 gxh5 23.Qxh5 Qb5 24.Rh1 h6 25.Rg1 Rf8 26.Rxg7+ Kxg7 27.Bxh6+ Kf6
28.Qg5+ Kf7 29.Qf5+ {#r} 1-0

[Event "Reykjavik Open 2017"]
[Site "Reykjavik ISL"]
[Date "2017.04.21"]
[Round "4.95"]
[White "Meyer,Juergen"]
[Black "Gudmarsson,Olafur"]
[Result "1-0"]
[WhiteElo "1944"]
[BlackElo "1721"]

1.e4 e6 2.d4 c5 3.Nf3 cxd4 4.Nxd4 Nc6 5.c4 Bb4+ 6.Nc3 Qa5 7.Nxc6 Bxc3+ 8.bxc3
bxc6 9.Qd4 e5 10.Qe3 Nf6 11.f3 Ba6 12.a4 O-O 13.c5 Rfd8 14.Bd2 Rab8 15.c4 Qc7
16.Be2 d6 17.cxd6 Qc8 18.Qxa7 Rb2 19.Qc5 Nd7 20.Qa3 Qb8 21.Qc3 Nc5 22.Rd1 Rxd6
23.Qxe5 Qd8 24.Qxb2 Nxa4 25.Qa3 Rxd2 26.Rxd2 Qa5 27.Qd6 {#r} 1-0

[Event "Reykjavik Open 2017"]
[Site "Reykjavik ISL"]
[Date "2017.04.21"]
[Round "4.97"]
[White "Roebuck,Derek"]
[Black "Eiriksson,S"]
[Result "0-1"]
[WhiteElo "1661"]
[BlackElo "1928"]

1.e4 c5 2.Nf3 d6 3.c3 g6 4.d4 cxd4 5.Qxd4 e5 6.Nxe5 Bg7 7.Qa4+ Nd7 8.Nf3 Nf6
9.Bg5 O-O 10.Nbd2 Nc5 11.Qc2 Qb6 12.Be3 Qc6 13.Nd4 Qc7 14.Bd3 Re8 15.O-O Bd7
16.Rfe1 Rac8 17.f3 d5 18.exd5 Nxd5 19.Bf2 Qf4 20.g3 Qg5 21.Ne4 Nxe4 22.Rxe4 f5
23.Rxe8+ Rxe8 24.Bc4 Bc6 25.Re1 Rxe1+ 26.Bxe1 Bxd4+ 27.cxd4 Qe3+ 28.Qf2 Qc1
29.a3 Qxc4 30.Bd2 Kg7 31.Kg2 Qd3 32.h4 Nf6 33.Qe1 Qxf3+ {#R} 0-1

[Event "Reykjavik Open 2017"]
[Site "Reykjavik ISL"]
[Date "2017.04.21"]
[Round "4.98"]
[White "Agustsson,H"]
[Black "Vignisson,Ingvar Egill"]
[Result "1-0"]
[WhiteElo "1921"]
[BlackElo "1693"]

1.e4 c5 2.Nf3 d6 3.d4 cxd4 4.Nxd4 Nf6 5.Nc3 a6 6.Bg5 e6 7.f4 Qc7 8.Bxf6 gxf6
9.Be2 Nc6 10.Bf3 Bd7 11.Qd2 h5 12.O-O-O b5 13.Kb1 b4 14.Nce2 a5 15.Nb5 Qb8
16.Nxd6+ Bxd6 17.Qxd6 Qxd6 18.Rxd6 Ke7 19.Rhd1 Be8 20.c3 e5 21.cxb4 axb4
22.Ng3 Nd4 23.Nf5+ Nxf5 24.exf5 Rb8 25.fxe5 Rh6 26.Bc6 Bxc6 27.Rxc6 Rb5
28.exf6+ {#r} 1-0